000 00274nam a2200121 a 4500
008 101022s1967|||| d
100 1 _aLazarevič, L.K.
245 1 0 _aPri studni
020 _c15,50
260 _bTatran
_aBratislava
_c1967
041 _aslo
044 _axo
_cSK
999 _c12012
_d12012